Word Ladder: Sandy & Andy’s Siamese Ladders Quiz Stats

 Plays Quiz Updated Jan 3, 2014

Support Sporcle.
Go Orange.
Score 0/32 Timer 06:00
0 Plays Today
Rung Word % Correct
Sandy's 5-letter LadderSWORD
93.9%
Andy's 4-letter LadderCORE
92.6%
Andy's 4-letter LadderCONE
92.2%
Sandy's 5-letter LadderSPORK
91.1%
Andy's 4-letter LadderPARK
90.7%
Sandy's 5-letter LadderSTORK
90%
Andy's 4-letter LadderWORE
89.7%
Sandy's 5-letter LadderSPARE
89.4%
Sandy's 5-letter LadderSPARK
89.1%
Andy's 4-letter LadderPORK
89.1%
Sandy's 5-letter LadderSTORE
88.5%
Andy's 4-letter LadderHARE
87.6%
Sandy's 5-letter LadderSWORE
87.1%
Andy's 4-letter LadderCORN
86.7%
Andy's 4-letter LadderTONE
86.5%
Andy's 4-letter LadderHARK
86.5%
Rung Word % Correct
Andy's 4-letter LadderPORE
86.2%
Andy's 4-letter LadderTORE
86.1%
Andy's 4-letter LadderPARE
84.6%
Sandy's 5-letter LadderSCORE
84.2%
Andy's 4-letter LadderPOKE
84%
Andy's 4-letter LadderTORK
83.8%
Andy's 4-letter LadderTOKE
81.6%
Andy's 4-letter LadderWORD
78.3%
Sandy's 5-letter LadderSCONE
77.9%
Sandy's 5-letter LadderSTONE
74.1%
Sandy's 5-letter LadderSHARE
72.5%
Sandy's 5-letter LadderSHARK
71.8%
Sandy's 5-letter LadderSCORN
71.6%
Sandy's 5-letter LadderSPORE
70.7%
Sandy's 5-letter LadderSPOKE
68.5%
Sandy's 5-letter LadderSTOKE
65.4%

Today's Daily Dose

You're not logged in!

Compare scores with friends on all Sporcle quizzes.
OR
Log In

From the Vault

State Capital Pairs by Ending

by puckett86

We always thought these state capital pairs would never end.
Remove Ads.
Support Sporcle.
Get the best of Sporcle when you Go Orange. This ad-free experience offers more features, more stats, and more fun while also helping to support Sporcle. Thank you for becoming a member.

Show Comments

Extras

Top Quizzes Today


Score Distribution

Your Account Isn't Verified!

In order to create a playlist on Sporcle, you need to verify the email address you used during registration. Go to your Sporcle Settings to finish the process.

Report this User

Report this user for behavior that violates our Community Guidelines.

Details: